| 000 | 00587nam a2200205Ia 4500 | ||
|---|---|---|---|
| 003 | OSt | ||
| 005 | 20241113102427.0 | ||
| 008 | 210210b1996 xxu||||| |||| 00| 0 eng d | ||
| 040 | _cAL | ||
| 041 | _aeng | ||
| 082 | _a657.46 MITS | ||
| 100 |
_aMITAL (Raj Krishna) and BANADARANGAIAH (K). _9185136 |
||
| 245 | _aSupremes law and practice of income tax: an introduction | ||
| 260 |
_aBangalore. _bSupreme Publishing House, _c1996 |
||
| 300 | _axii,496 | ||
| 650 |
_aSupreme's Income Tax, Law Practice _9185137 |
||
| 690 |
_aIncome Tax _9185138 |
||
| 906 | _a051917 | ||
| 942 |
_2ddc _cBK |
||
| 999 |
_c100555 _d100555 |
||